002960000a220010900045000410008000000820016000081000040000242450067000642600037001313000012001680010006001800 aSPA04aG 863 G215k1 aGarcía Márquez, Gabriel (1928-)10aCrónica de una muerte anunciada / Gabriel García Márquez aBogotá, Colombia : Oveja Negra a155 Pag11054